[Event "Arco op 41st"]
[Site "Arco"]
[Date "2019.10.12"]
[Round "9"]
[White "Tencheni, Maurizio"]
[Black "Papa, Angelo"]
[Result "1/2-1/2"]
[WhiteElo "1582"]
[BlackElo "1683"]
[PlyCount "38"]
[EventDate "2019.10.04"]
[EventType "swiss"]
[EventRounds "9"]
[EventCountry "ITA"]
[SourceTitle "EXT 2021"]
[Source "ChessBase"]
[SourceDate "2020.10.23"]
[SourceVersion "1"]
[SourceVersionDate "2020.10.23"]
[SourceQuality "1"]

1. b3 g6 2. Bb2 Nf6 3. e4 d6 4. d3 Bg7 5. Nf3 0-0 6. g3 e5 7. Bg2 Nc6 8. 0-0 Bd7 9. Nbd2 Qc8 10. Re1 Bh3 11. Bh1 Bg4 12. c3 Nh5 13. Nf1 h6 14. Ne3 Bh3 15. Bg2 Bxg2 16. Nxg2 f5 17. Nfh4 Qe8 18. exf5 gxf5 19. f4 Qf7 1/2-1/2

[Event "Arco op 40th"]
[Site "Arco"]
[Date "2018.10.17"]
[Round "5"]
[White "Wunderlich, Frank"]
[Black "Tencheni, Maurizio"]
[Result "1-0"]
[WhiteElo "1841"]
[BlackElo "1642"]
[PlyCount "73"]
[EventDate "2018.10.13"]
[EventType "swiss"]
[EventRounds "9"]
[EventCountry "ITA"]
[SourceTitle "CBM 186 Extra"]
[Source "ChessBase"]
[SourceDate "2018.08.24"]
[SourceVersion "1"]
[SourceVersionDate "2018.08.24"]
[SourceQuality "1"]

1. e4 c5 2. Nf3 e6 3. d4 cxd4 4. Nxd4 a6 5. c3 Qc7 6. Be3 b6 7. Be2 Bb7 8. Bf3 d6 9. 0-0 Nd7 10. Nd2 Ngf6 11. Qc2 Nc5 12. Rfe1 Be7 13. Rac1 0-0 14. N4b3 Ncd7 15. Bf4 Ne5 16. Be2 Rac8 17. Bg3 Nfd7 18. f4 Nc6 19. Qd3 Rfd8 20. Rcd1 b5 21. a3 Nb6 22. Kh1 Na4 23. Qb1 Na5 24. Nxa5 Qxa5 25. Nb3 Qb6 26. Nd4 Nc5 27. Bf3 d5 28. exd5 Bxd5 29. Bxd5 Rxd5 30. f5 Rcd8 31. fxe6 Nxe6 32. Nf5 Bc5 33. Rxd5 Rxd5 34. Qe4 Qd8 35. Bh4 Qd7 36. Be7 Rxf5 37. Qa8+ 1-0

[Event "Chioggia op-B 13th"]
[Site "Chioggia"]
[Date "2018.09.30"]
[Round "5"]
[White "Gomirato, Anna"]
[Black "Tencheni, Maurizio"]
[Result "1/2-1/2"]
[WhiteElo "1584"]
[BlackElo "1643"]
[PlyCount "121"]
[EventDate "2018.09.28"]
[EventType "swiss"]
[EventRounds "5"]
[EventCountry "ITA"]
[SourceTitle "EXT 2022"]
[Source "ChessBase"]
[SourceDate "2021.10.06"]
[SourceVersion "1"]
[SourceVersionDate "2021.10.06"]
[SourceQuality "1"]

1. e4 c5 2. Nf3 e6 3. d4 cxd4 4. Nxd4 a6 5. Nc3 Qc7 6. a3 b6 7. Be3 Bb7 8. Bd3 Nf6 9. 0-0 Be7 10. f4 d6 11. f5 e5 12. Nde2 Nbd7 13. Ng3 Nc5 14. Qf3 Qc6 15. Rae1 d5 16. Bd2 0-0-0 17. b4 Nxd3 18. cxd3 Qd6 19. Rc1 Kb8 20. Be1 Rc8 21. Bf2 d4 22. Na4 Rxc1 23. Rxc1 Rc8 24. Qd1 Nd7 25. Rxc8+ Kxc8 26. Qc2+ Qc6 27. Qxc6+ Bxc6 28. Nb2 Bg5 29. Ne2 a5 30. Be1 Be7 31. Bd2 axb4 32. axb4 b5 33. Nc1 Nb6 34. Na2 f6 35. Kf2 Be8 36. Ke1 Bf7 37. Nc1 Na4 38. Nd1 Kb7 39. h3 g6 40. g4 gxf5 41. gxf5 Bh5 42. Na2 Bf8 43. h4 Nb6 44. Nc1 Nd7 45. Ne2 Nb8 46. Nc1 Nc6 47. Nf2 Nxb4 48. Nb3 Nc2+ 49. Kf1 Bf7 50. Nc1 b4 51. Ng4 b3 52. Nxb3 Bxb3 53. Nxf6 Be7 54. Nxh7 Bxh4 55. Bh6 Kc7 56. Bg7 Kd6 57. Nf8 Nb4 58. Ng6 Nxd3 59. Nxh4 Ke7 60. Nf3 Kd6 61. Ng5 1/2-1/2

[Event "Chioggia op-B 13th"]
[Site "Chioggia"]
[Date "2018.09.29"]
[Round "3"]
[White "Tencheni, Maurizio"]
[Black "Cisco, Alberto"]
[Result "1-0"]
[WhiteElo "1643"]
[BlackElo "1279"]
[PlyCount "119"]
[EventDate "2018.09.28"]
[EventType "swiss"]
[EventRounds "5"]
[EventCountry "ITA"]
[SourceTitle "EXT 2022"]
[Source "ChessBase"]
[SourceDate "2021.10.06"]
[SourceVersion "1"]
[SourceVersionDate "2021.10.06"]
[SourceQuality "1"]

1. b3 e5 2. Bb2 Nc6 3. e3 d6 4. c4 g6 5. a3 Bg7 6. Be2 Nf6 7. Nc3 a6 8. Qc2 Ne7 9. d3 0-0 10. Nf3 c6 11. d4 exd4 12. Nxd4 c5 13. Nf3 Re8 14. Rd1 Qc7 15. 0-0 Bf5 16. Bd3 Rad8 17. Bxf5 Nxf5 18. Nd5 Nxd5 19. Rxd5 Ne7 20. Rd3 b5 21. Bxg7 Kxg7 22. Qc3+ Kg8 23. Rfd1 Nc6 24. Qf6 Re6 25. Qf4 Ne5 26. Rd5 Nxf3+ 27. Qxf3 Qa5 28. cxb5 Qxa3 29. bxa6 Qxa6 30. Rxc5 dxc5 31. Rxd8+ Kg7 32. Qd1 Qc6 33. Qd3 Re7 34. Rd6 Qe4 35. Qc3+ Re5 36. Qd3 Qb4 37. g3 Rf5 38. Qd1 h5 39. Qa1+ Kh7 40. Rd8 Kh6 41. h4 f6 42. Qc1 Qe4 43. Qd1 c4 44. Rd4 Qe6 45. bxc4 Rc5 46. Qd3 Ra5 47. Kg2 Qc6+ 48. Qe4 Qxe4+ 49. Rxe4 Rc5 50. Kf3 Rf5+ 51. Rf4 Rc5 52. Rxf6 Rxc4 53. e4 Kg7 54. Rd6 Rc7 55. Ke3 Re7 56. f4 Kh7 57. e5 Kg7 58. Ke4 Rb7 59. e6 Kf8 60. e7+ 1-0

[Event "Arco op-A 39th"]
[Site "Arco"]
[Date "2017.10.15"]
[Round "9"]
[White "Calcari, Manuel"]
[Black "Tencheni, Maurizio"]
[Result "1/2-1/2"]
[WhiteElo "1758"]
[BlackElo "1635"]
[PlyCount "129"]
[EventDate "2017.10.07"]
[EventType "swiss"]
[EventRounds "9"]
[EventCountry "ITA"]
[SourceTitle "CBM 181 Extra"]
[Source "ChessBase"]
[SourceDate "2017.12.12"]
[SourceVersion "1"]
[SourceVersionDate "2017.12.12"]
[SourceQuality "1"]

1. e4 c5 2. Nf3 e6 3. c3 b6 4. d4 cxd4 5. cxd4 Bb7 6. Nc3 d6 7. Bb5+ Nd7 8. 0-0 a6 9. Bd3 Ngf6 10. Bg5 Be7 11. Re1 0-0 12. Rc1 h6 13. Bh4 Nh5 14. Bxe7 Qxe7 15. e5 Nf4 16. Be4 Bxe4 17. Rxe4 Ng6 18. Qb3 dxe5 19. Nxe5 Ngxe5 20. dxe5 Nc5 21. Qa3 Qb7 22. Re3 Rfd8 23. b4 Nd3 24. Rd1 Nf4 25. f3 Rxd1+ 26. Nxd1 Rd8 27. Nf2 Rd2 28. g3 Nd5 29. Rd3 Rc2 30. Ne4 Qc6 31. Rd2 Rc1+ 32. Kg2 Qc4 33. Rf2 Nxb4 34. Nd6 Qc3 35. Qxc3 Rxc3 36. Rb2 Rc2+ 37. Rxc2 Nxc2 38. f4 b5 39. Ne8 a5 40. Nd6 b4 41. Kf2 a4 42. Nc4 Nd4 43. Ke3 Nb5 44. Nb2 a3 45. Nc4 Nc3 46. Kd3 Nxa2 47. Kc2 Nc3 48. Nxa3 bxa3 49. Kxc3 g5 50. fxg5 hxg5 51. Kb3 Kg7 52. Kxa3 Kg6 53. g4 f6 54. Kb4 f5 55. h3 f4 56. Kc3 Kf7 57. Kd3 Kg7 58. Ke4 Kh6 59. h4 gxh4 60. Kxf4 Kg6 61. Ke3 Kg5 62. Kf3 h3 63. Kg3 h2 64. Kxh2 Kxg4 65. Kg2 1/2-1/2

[Event "Mogliano Veneto op-B 38th"]
[Site "Mogliano Veneto"]
[Date "2017.04.30"]
[Round "2.17"]
[White "Bressan, Stefano"]
[Black "Tencheni, Maurizio"]
[Result "1-0"]
[WhiteElo "1758"]
[BlackElo "1685"]
[PlyCount "71"]
[EventDate "2017.04.29"]
[EventType "swiss"]
[EventRounds "5"]
[EventCountry "ITA"]
[SourceTitle "EXT 2023"]
[Source "ChessBase"]
[SourceDate "2022.10.05"]
[SourceVersion "1"]
[SourceVersionDate "2022.10.05"]
[SourceQuality "1"]

1. e4 c5 2. Nf3 e6 3. d4 cxd4 4. Nxd4 a6 5. Be3 Qc7 6. c4 b6 7. Nc3 Bb7 8. f3 Nf6 9. Be2 Be7 10. Qd2 d6 11. 0-0 0-0 12. Rac1 Nbd7 13. Rfd1 Rac8 14. Nb3 Ne5 15. Qd4 Nfd7 16. Bf4 Rfd8 17. Qf2 Qb8 18. Qg3 Nf6 19. Qf2 Ned7 20. Rd2 Nh5 21. Be3 Bc6 22. Nd4 Bb7 23. Rcd1 Nhf6 24. Nb3 Nc5 25. Nd4 d5 26. cxd5 exd5 27. exd5 Nxd5 28. Nf5 Nxe3 29. Nxe7+ Kf8 30. Nxc8 Rxd2 31. Rxd2 Qxc8 32. Qxe3 b5 33. Qd4 Ne6 34. Qd6+ Ke8 35. Nxb5 Qc1+ 36. Kf2 1-0

[Event "Verona op-B"]
[Site "Verona"]
[Date "2017.01.03"]
[Round "2.25"]
[White "Perantoni, Matteo"]
[Black "Tencheni, Maurizio"]
[Result "1/2-1/2"]
[WhiteElo "1611"]
[BlackElo "1690"]
[PlyCount "109"]
[EventDate "2017.01.02"]
[EventType "swiss"]
[EventRounds "7"]
[EventCountry "ITA"]
[SourceTitle "EXT 2018"]
[Source "ChessBase"]
[SourceDate "2017.10.13"]
[SourceVersion "1"]
[SourceVersionDate "2017.10.13"]
[SourceQuality "1"]

1. e4 c5 2. Nf3 e6 3. d4 cxd4 4. Nxd4 a6 5. Nc3 Qc7 6. a3 b6 7. Be3 d6 8. Bd3 Bb7 9. 0-0 Nf6 10. f3 Be7 11. Qd2 Nbd7 12. Nb3 0-0 13. Qf2 Rfe8 14. Rfe1 Kh8 15. Rad1 Rg8 16. Re2 g5 17. h3 Nh5 18. Red2 Nhf6 19. Be2 Rad8 20. Na2 d5 21. exd5 Nxd5 22. Kh1 Nxe3 23. Qxe3 Bf6 24. c3 Ne5 25. Rxd8 Rxd8 26. Rxd8+ Qxd8 27. Nd4 b5 28. Qf2 Qb6 29. Nb4 Nc6 30. Nbxc6 Bxc6 31. Kg1 Bd5 32. Bd3 Bxd4 33. Qxd4+ Qxd4+ 34. cxd4 f5 35. Kf2 Kg7 36. g4 Kf6 37. Ke3 h6 38. a4 f4+ 39. Ke2 bxa4 40. Bxa6 e5 41. Bb5 Bb3 42. Kd3 Bd1 43. Bc6 Ke6 44. dxe5 Kxe5 45. Be4 Bb3 46. Bc6 Bd5 47. Bxd5 Kxd5 48. Kc3 Kc5 49. Kd3 Kb4 50. Kc2 Kc4 51. Kd2 Kb3 52. Kc1 Kb4 53. Kc2 Kc4 54. Kd2 Kd4 55. Ke2 1/2-1/2

[Event "Arco op 37th"]
[Site "Arco"]
[Date "2015.10.15"]
[Round "6"]
[White "Tencheni, Maurizio"]
[Black "Morselli, Stefano"]
[Result "1/2-1/2"]
[WhiteElo "1761"]
[BlackElo "1836"]
[PlyCount "97"]
[EventDate "2015.10.10"]
[EventType "swiss"]
[EventRounds "9"]
[EventCountry "ITA"]
[SourceTitle "CBM 168 Extra"]
[Source "ChessBase"]
[SourceDate "2015.10.29"]
[SourceVersion "1"]
[SourceVersionDate "2015.10.29"]
[SourceQuality "1"]

1. b3 e5 2. Bb2 d5 3. Bxe5 c5 4. e3 Nc6 5. Bb2 Nf6 6. Nf3 Bd6 7. a3 0-0 8. Be2 Qe7 9. d4 Bg4 10. dxc5 Bxc5 11. Nbd2 Rfe8 12. 0-0 d4 13. Nxd4 Bxd4 14. Bxd4 Bxe2 15. Bxf6 Bxd1 16. Bxe7 Bxc2 17. Rfc1 Bxb3 18. Nxb3 Rxe7 19. Nc5 Na5 20. Rc3 Rc7 21. Rac1 Rac8 22. Ne4 Rxc3 23. Rxc3 Rxc3 24. Nxc3 a6 25. Kf1 b5 26. Nd5 Nc4 27. Nc7 Nxa3 28. Nxa6 Kf8 29. Ke2 Ke7 30. Kd3 Kd6 31. Kc3 Nc4 32. Kb4 Ne5 33. f3 Nd3+ 34. Kxb5 Ne1 35. Kc4 Nxg2 36. Kd3 Ke5 37. Nc5 Nh4 38. Ke2 f5 39. Nd3+ Kf6 40. Kf2 g5 41. Kg3 Ng6 42. f4 g4 43. h3 h5 44. hxg4 hxg4 45. Nf2 Ne7 46. Nxg4+ fxg4 47. Kxg4 Nd5 48. e4 Nxf4 49. Kxf4 1/2-1/2

[Event "Omegna op-B 2nd"]
[Site "Omegna"]
[Date "2014.08.10"]
[Round "4"]
[White "Koureas, Panicos"]
[Black "Tencheni, Maurizio"]
[Result "0-1"]
[WhiteElo "1417"]
[BlackElo "1740"]
[PlyCount "46"]
[EventDate "2014.08.08"]
[EventType "swiss"]
[EventRounds "5"]
[EventCountry "ITA"]
[SourceTitle "EXT 2015"]
[Source "ChessBase"]
[SourceDate "2014.11.20"]
[SourceVersion "1"]
[SourceVersionDate "2014.11.20"]
[SourceQuality "1"]

1. e4 b6 2. d4 Bb7 3. Bd3 Nf6 4. Nc3 e6 5. Qe2 Nc6 6. Nf3 Bb4 7. 0-0 0-0 8. Bg5 Be7 9. a3 Nh5 10. Bxe7 Qxe7 11. Qe3 Nf6 12. Rfe1 d6 13. Rad1 Rfe8 14. Qf4 e5 15. Qh4 h6 16. Qh3 Nxd4 17. Nxd4 exd4 18. Nd5 Nxd5 19. exd5 Qxe1+ 20. Rxe1 Rxe1+ 21. Bf1 Ba6 22. g3 Bxf1 23. Qh4 Bh3# 0-1

[Event "Basso Veronese op 7th"]
[Site "Casaleone"]
[Date "2014.05.18"]
[Round "5"]
[White "Tencheni, Maurizio"]
[Black "Zonta, Riccardo"]
[Result "1/2-1/2"]
[WhiteElo "1700"]
[BlackElo "1606"]
[PlyCount "160"]
[EventDate "2014.05.16"]
[EventType "swiss"]
[EventRounds "5"]
[EventCountry "ITA"]
[SourceTitle "EXT 2015"]
[Source "ChessBase"]
[SourceDate "2014.11.20"]
[SourceVersion "1"]
[SourceVersionDate "2014.11.20"]
[SourceQuality "1"]

1. b3 g6 2. Bb2 Nf6 3. Bxf6 exf6 4. c4 Bg7 5. e3 f5 6. d4 0-0 7. Nf3 c5 8. Nc3 Qa5 9. Rc1 Nc6 10. Be2 d6 11. 0-0 Qd8 12. Qd2 b6 13. Rfd1 Bb7 14. a3 a6 15. Rb1 Ne7 16. b4 Bxf3 17. Bxf3 Rb8 18. bxc5 bxc5 19. Nd5 Nxd5 20. Bxd5 Qc7 21. g3 Rb6 22. Qa5 Rfb8 23. dxc5 Qxc5 24. Qxc5 dxc5 25. Rxb6 Rxb6 26. Kg2 Rb3 27. a4 a5 28. Bc6 Rb8 29. Rd5 Bf8 30. Rd7 Bg7 31. Bd5 Rf8 32. Rc7 Bc3 33. Rxc5 Kg7 34. Rb5 Bb4 35. c5 h5 36. h4 Kf6 37. Bb7 Ke7 38. c6 Kd6 39. Kf3 Re8 40. Rb6 Kc7 41. Ra6 f6 42. Ra7 Kb6 43. Ra6+ Kc7 44. Ba8 Kb8 45. c7+ Kxc7 46. Bd5 Rf8 47. Ra7+ Kd6 48. Bc4 g5 49. Rh7 gxh4 50. Rxh5 hxg3 51. Kxg3 Ke5 52. Kf3 Rc8 53. Bb5 Rc5 54. Bd3 Ke6 55. Kf4 Re5 56. Bxf5+ Kd6 57. Rh6 Ke7 58. Rh7+ Kf8 59. f3 Kg8 60. Rd7 Rc5 61. Be6+ Kh8 62. Rf7 Bc3 63. Bd7 Rc7 64. Re7 Be5+ 65. Kf5 Rc5 66. Re8+ Kg7 67. Bb5 Kf7 68. Ra8 Bc3+ 69. Ke4 Re5+ 70. Kd3 Bb4 71. Ke2 Rc5 72. f4 Ke7 73. Ra6 Kf7 74. Kf3 Ke7 75. Ke4 Rh5 76. f5 Rh4+ 77. Kd5 Rh1 78. Re6+ Kf7 79. Be8+ Kg7 80. Re4 Rd1+ 1/2-1/2

[Event "Verona Province-ch"]
[Site "Zevio Verona"]
[Date "2014.01.26"]
[Round "5"]
[White "Faccia, Sergio"]
[Black "Tencheni, Maurizio"]
[Result "0-1"]
[WhiteElo "2033"]
[BlackElo "1684"]
[PlyCount "101"]
[EventDate "2014.01.18"]
[EventType "swiss"]
[EventRounds "6"]
[EventCountry "ITA"]
[SourceTitle "EXT 2015"]
[Source "ChessBase"]
[SourceDate "2014.11.20"]
[SourceVersion "1"]
[SourceVersionDate "2014.11.20"]
[SourceQuality "1"]

1. e4 b6 2. d4 Bb7 3. Nc3 e6 4. f4 Bb4 5. Bd3 Nf6 6. Qe2 d5 7. exd5 Qxd5 8. Nf3 0-0 9. 0-0 Bxc3 10. bxc3 Nbd7 11. c4 Qh5 12. Rb1 Qa5 13. Bd2 Qh5 14. a4 Rfe8 15. a5 c5 16. c3 Rab8 17. axb6 axb6 18. Be1 Ng4 19. h3 Nh6 20. Bg3 f6 21. Qc2 Nf5 22. Bxf5 Qxf5 23. Qa4 Bxf3 24. Qxd7 Rbd8 25. Qb5 Be2 26. Rfe1 Bd3 27. Rbd1 cxd4 28. Qxf5 Bxf5 29. cxd4 Kf7 30. Bf2 Rd6 31. Ra1 Re7 32. Ra8 Rc7 33. c5 bxc5 34. dxc5 Rdc6 35. Rb8 Bd3 36. Rd1 Bc4 37. Rb6 Bd5 38. f5 g6 39. fxe6+ Kxe6 40. Bg3 Rc8 41. Re1+ Kf5 42. Bf2 h5 43. Rb4 g5 44. Rb6 h4 45. Bd4 Bc4 46. Rb4 Bd5 47. Rf1+ Kg6 48. Rb6 R8c7 49. Rxf6+ Rxf6 50. Rxf6+ Kh5 51. Rf5 0-1

[Event "Verona Province-ch"]
[Site "Zevio Verona"]
[Date "2014.01.26"]
[Round "6"]
[White "Tencheni, Maurizio"]
[Black "Cantore, Michele"]
[Result "1/2-1/2"]
[WhiteElo "1684"]
[BlackElo "1440"]
[PlyCount "34"]
[EventDate "2014.01.18"]
[EventType "swiss"]
[EventRounds "6"]
[EventCountry "ITA"]
[SourceTitle "EXT 2015"]
[Source "ChessBase"]
[SourceDate "2014.11.20"]
[SourceVersion "1"]
[SourceVersionDate "2014.11.20"]
[SourceQuality "1"]

1. c4 d5 2. cxd5 Qxd5 3. Nc3 Qd8 4. d4 Nf6 5. g3 e6 6. Bg2 c6 7. e4 Be7 8. Nge2 0-0 9. 0-0 b6 10. Bf4 Bb7 11. Rb1 Na6 12. a3 Nc7 13. Qd2 Qc8 14. Rfc1 Rd8 15. b4 Rd7 16. Qc2 Qd8 17. h3 Rc8 1/2-1/2

[Event "Verona Province-ch"]
[Site "Zevio Verona"]
[Date "2014.01.19"]
[Round "3"]
[White "Bonini, Roberto"]
[Black "Tencheni, Maurizio"]
[Result "0-1"]
[WhiteElo "1872"]
[BlackElo "1684"]
[PlyCount "128"]
[EventDate "2014.01.18"]
[EventType "swiss"]
[EventRounds "6"]
[EventCountry "ITA"]
[SourceTitle "EXT 2015"]
[Source "ChessBase"]
[SourceDate "2014.11.20"]
[SourceVersion "1"]
[SourceVersionDate "2014.11.20"]
[SourceQuality "1"]

1. e4 b6 2. d4 Bb7 3. Nc3 e6 4. Bd3 Nc6 5. Be3 Nb4 6. Nge2 Nxd3+ 7. cxd3 Nf6 8. h3 d5 9. f3 Be7 10. Qa4+ Nd7 11. 0-0 0-0 12. Rac1 c5 13. e5 cxd4 14. Bxd4 Nc5 15. Bxc5 Bxc5+ 16. d4 Be7 17. Nb5 a5 18. a3 Ba6 19. Nec3 f6 20. f4 Qd7 21. Qb3 Rac8 22. f5 fxe5 23. fxe6 Rxf1+ 24. Rxf1 Qxe6 25. Nxd5 Kh8 26. Re1 Bf6 27. a4 Bb7 28. Nbc3 Rxc3 29. Qxc3 Qxd5 30. Qd2 Kg8 31. Re2 Bc6 32. dxe5 Qxd2 33. Rxd2 Bxe5 34. b3 Kf7 35. Kf2 Ke6 36. Ke3 Bf6 37. Kd3 Bd5 38. Re2+ Be5 39. Kc2 Kd6 40. g4 h6 41. Re3 Bf6 42. Rd3 Kc5 43. Rg3 Kb4 44. Re3 Bf7 45. Re4+ Ka3 46. Re3 Bg6+ 47. Kd1 Kb2 48. Re6 Kxb3 49. Rxb6+ Kxa4 50. Ke2 Be4 51. Re6 Bg2 52. Re3 Bd5 53. Kd1 Bb3+ 54. Ke2 Ka3 55. Kd3 a4 56. Re2 Bb2 57. h4 Ka2 58. h5 Kb1 59. Kd2 Bc1+ 60. Kc3 Bd1 61. Re4 Bb2+ 62. Kd2 a3 63. Re1 Bc1+ 64. Kxd1 a2 0-1

[Event "Verona Province-ch"]
[Site "Zevio Verona"]
[Date "2014.01.18"]
[Round "1"]
[White "Tencheni, Maurizio"]
[Black "Della Sala, Bruno"]
[Result "0-1"]
[WhiteElo "1684"]
[BlackElo "1959"]
[PlyCount "102"]
[EventDate "2014.01.18"]
[EventType "swiss"]
[EventRounds "6"]
[EventCountry "ITA"]
[SourceTitle "EXT 2015"]
[Source "ChessBase"]
[SourceDate "2014.11.20"]
[SourceVersion "1"]
[SourceVersionDate "2014.11.20"]
[SourceQuality "1"]

1. c4 c5 2. Nc3 g6 3. g3 Bg7 4. Bg2 Nc6 5. Nf3 d6 6. 0-0 e6 7. d3 Nge7 8. Bg5 Qd7 9. Qd2 h6 10. Be3 b6 11. Ne1 Bb7 12. f4 0-0 13. Nc2 d5 14. cxd5 exd5 15. Bf2 Rad8 16. d4 Nxd4 17. Nxd4 cxd4 18. Bxd4 Bxd4+ 19. Qxd4 Nf5 20. Qd3 Rfe8 21. e4 dxe4 22. Qxd7 Rxd7 23. Rfe1 e3 24. Bxb7 Rxb7 25. Rad1 Kg7 26. Nb5 h5 27. Nd6 Nxd6 28. Rxd6 Rc7 29. Kf1 Rc2 30. Re2 Rc1+ 31. Kg2 Re7 32. Rd3 Kf6 33. Kf3 Rf1+ 34. Kg2 Rf2+ 35. Rxf2 e2 36. Rd6+ Kg7 37. Rxe2 Rxe2+ 38. Kh3 Rxb2 39. a4 Ra2 40. Rd4 Kf6 41. Re4 Kg7 42. Rd4 Kf8 43. Rd8+ Ke7 44. Rd4 Ke6 45. f5+ Kxf5 46. Rf4+ Kg5 47. Rxf7 Rxa4 48. Rd7 Ra2 49. Rd5+ Kh6 50. Rd4 a5 51. Rd5 Rb2 0-1

[Event "Verona Province-ch"]
[Site "Zevio Verona"]
[Date "2013.01.20"]
[Round "6"]
[White "Tencheni, Maurizio"]
[Black "De Paoli, Emilio"]
[Result "0-1"]
[WhiteElo "1677"]
[BlackElo "1863"]
[PlyCount "76"]
[EventDate "2013.01.12"]
[EventType "swiss"]
[EventRounds "6"]
[EventCountry "ITA"]
[SourceTitle "EXT 2024"]
[Source "ChessBase"]
[SourceDate "2023.10.10"]
[SourceVersion "1"]
[SourceVersionDate "2023.10.10"]
[SourceQuality "1"]

1. d4 c5 2. Nf3 cxd4 3. Nxd4 g6 4. Nd2 Nc6 5. N2f3 Bg7 6. c3 Nf6 7. g3 0-0 8. Bg2 e5 9. Nb5 d5 10. Be3 a6 11. Na3 Ng4 12. Bc5 Re8 13. Nc2 b6 14. Be3 Nxe3 15. Nxe3 Be6 16. Ng5 Qxg5 17. Nxd5 Bxd5 18. Bxd5 Rad8 19. Qb3 Na5 20. Bxf7+ Kf8 21. Qxb6 Qd2+ 22. Kf1 Kxf7 23. Qxa5 Qd5 24. Qxd5+ Rxd5 25. e4 Rd2 26. Kg2 Rxb2 27. Rhb1 Rc2 28. Rb7+ Re7 29. Rb6 a5 30. Rb5 Ra7 31. Rc5 Ke6 32. Rc8 Bh6 33. Kf3 Rf7+ 34. Kg4 Kf6 35. Rc6+ Kg7 36. Rc5 Rcxf2 37. Rxe5 Rxh2 38. Rxa5 Be3 0-1

[Event "Arco op 34th"]
[Site "Arco"]
[Date "2012.10.20"]
[Round "8"]
[White "Tencheni, Maurizio"]
[Black "Bortolotti, Silvano"]
[Result "1/2-1/2"]
[WhiteElo "1707"]
[BlackElo "1770"]
[PlyCount "87"]
[EventDate "2012.10.13"]
[EventType "swiss"]
[EventRounds "9"]
[EventCountry "ITA"]
[SourceTitle "EXT 2013"]
[Source "ChessBase"]
[SourceDate "2012.11.22"]
[SourceVersion "1"]
[SourceVersionDate "2012.11.22"]
[SourceQuality "1"]

1. e4 b6 2. d4 Bb7 3. Bd3 e6 4. Nf3 Nf6 5. Qe2 d5 6. Nbd2 c5 7. c3 Nc6 8. e5 Nd7 9. 0-0 cxd4 10. cxd4 Nb4 11. Bb1 Ba6 12. Qe3 Bxf1 13. Nxf1 Rc8 14. Ne1 Be7 15. a3 Nc6 16. Bd2 0-0 17. Qd3 g6 18. Nf3 f5 19. Bh6 Rf7 20. Qd2 Na5 21. Ba2 Nc4 22. Bxc4 Rxc4 23. Ne3 Rc6 24. Rc1 Qc8 25. Rxc6 Qxc6 26. g3 Bf8 27. Bxf8 Nxf8 28. Ne1 Kg7 29. f4 Rc7 30. N1c2 Nd7 31. Kf2 b5 32. Nb4 Qc1 33. Ke2 Qxd2+ 34. Kxd2 a5 35. Nd3 Kf7 36. b3 Nb6 37. Nc5 a4 38. Kc3 Nd7 39. b4 Nb6 40. Kd3 Rc8 41. Nc2 Na8 42. Ne1 Nc7 43. Kc2 Kg7 44. Kd2 1/2-1/2

[Event "Arco op 34th"]
[Site "Arco"]
[Date "2012.10.18"]
[Round "6"]
[White "Tencheni, Maurizio"]
[Black "Rizzo, Giuseppe"]
[Result "1-0"]
[WhiteElo "1707"]
[BlackElo "1761"]
[PlyCount "43"]
[EventDate "2012.10.13"]
[EventType "swiss"]
[EventRounds "9"]
[EventCountry "ITA"]
[SourceTitle "EXT 2013"]
[Source "ChessBase"]
[SourceDate "2012.11.22"]
[SourceVersion "1"]
[SourceVersionDate "2012.11.22"]
[SourceQuality "1"]

1. e4 Nf6 2. e5 Nd5 3. c4 Nb6 4. d4 d6 5. f4 g6 6. Nf3 Bg7 7. Be2 0-0 8. 0-0 Be6 9. b3 N8d7 10. Bb2 c5 11. Na3 d5 12. Rc1 Rc8 13. Nb5 a6 14. dxc5 Nxc5 15. Nbd4 dxc4 16. Nxe6 Nxe6 17. Nd4 Qd7 18. Bg4 Nd5 19. Nxe6 Qc6 20. Rxc4 Ne3 21. Rxc6 Nxd1 22. Rxc8 1-0

[Event "Arco op 33rd"]
[Site "Arco"]
[Date "2011.10.30"]
[Round "9"]
[White "Kern, Beat"]
[Black "Tencheni, Maurizio"]
[Result "1/2-1/2"]
[WhiteElo "1691"]
[BlackElo "1647"]
[PlyCount "80"]
[EventDate "2011.10.22"]
[EventType "swiss"]
[EventRounds "9"]
[EventCountry "ITA"]
[SourceTitle "EXT 2012"]
[Source "ChessBase"]
[SourceDate "2011.11.24"]
[SourceVersion "1"]
[SourceVersionDate "2011.11.24"]
[SourceQuality "1"]

1. d4 Nf6 2. c4 g6 3. Nc3 Bg7 4. Nf3 d6 5. e4 0-0 6. Be2 Nbd7 7. 0-0 e5 8. dxe5 Nxe5 9. Nxe5 dxe5 10. Qc2 c6 11. Be3 Qe7 12. Na4 Nd7 13. c5 f5 14. f3 Nf6 15. b4 fxe4 16. fxe4 Ng4 17. Rxf8+ Bxf8 18. Bxg4 Bxg4 19. Rf1 Rd8 20. h3 Be6 21. a3 Qd7 22. Nb2 Bg7 23. Rd1 Qe7 24. Rf1 Rf8 25. Rxf8+ Bxf8 26. Nc4 Bxc4 27. Qxc4+ Qf7 28. Qxf7+ Kxf7 29. g4 Be7 30. Kg2 Bh4 31. Bf2 Bg5 32. a4 Bd2 33. b5 Ke6 34. Kf1 Bc3 35. Ke2 h6 36. Kd3 Ba5 37. Kc4 Bc7 38. Be3 h5 39. Kd3 Kd7 40. Kc4 Ke6 1/2-1/2

[Event "Arco op 33rd"]
[Site "Arco"]
[Date "2011.10.27"]
[Round "6"]
[White "Tencheni, Maurizio"]
[Black "Bacchelli, Andrea"]
[Result "0-1"]
[WhiteElo "1647"]
[BlackElo "1789"]
[PlyCount "92"]
[EventDate "2011.10.22"]
[EventType "swiss"]
[EventRounds "9"]
[EventCountry "ITA"]
[SourceTitle "EXT 2012"]
[Source "ChessBase"]
[SourceDate "2011.11.24"]
[SourceVersion "1"]
[SourceVersionDate "2011.11.24"]
[SourceQuality "1"]

1. e4 c5 2. Nf3 d6 3. d4 cxd4 4. Nxd4 Nf6 5. Nc3 a6 6. Be2 e6 7. 0-0 Be7 8. Be3 0-0 9. f4 Nbd7 10. Nb3 b5 11. Bf3 Bb7 12. Nd2 Qc7 13. a3 Rac8 14. g4 d5 15. Rc1 Bc5 16. Qe2 d4 17. Nxb5 axb5 18. Bf2 Qxf4 19. Kg2 Qd6 20. Rfd1 Ba6 21. b4 Ba7 22. Nb3 e5 23. c3 Rc4 24. Rd3 Rfc8 25. Qd1 Qc7 26. g5 Ne8 27. Bg4 Bb7 28. Bf3 Nd6 29. Na5 Bxe4 30. Bxe4 Nxe4 31. Nxc4 Qxc4 32. Be1 Nxg5 33. Rg3 Qd5+ 34. Kf1 Qh1+ 35. Rg1 Qf3+ 36. Qxf3 Nxf3 37. Rg3 e4 38. Rd1 Nxh2+ 39. Kg2 Nf3 40. Rxf3 exf3+ 41. Kxf3 d3 42. Ke4 Nf6+ 43. Kf3 Rd8 44. Bd2 h6 45. Re1 Re8 46. Ra1 Re2 0-1

[Event "Arco op 33rd"]
[Site "Arco"]
[Date "2011.10.24"]
[Round "3"]
[White "Bozzao, Francesco"]
[Black "Tencheni, Maurizio"]
[Result "1-0"]
[WhiteElo "1830"]
[BlackElo "1647"]
[PlyCount "77"]
[EventDate "2011.10.22"]
[EventType "swiss"]
[EventRounds "9"]
[EventCountry "ITA"]
[SourceTitle "EXT 2012"]
[Source "ChessBase"]
[SourceDate "2011.11.24"]
[SourceVersion "1"]
[SourceVersionDate "2011.11.24"]
[SourceQuality "1"]

1. d4 Nf6 2. Nf3 g6 3. g3 Bg7 4. Bg2 0-0 5. c4 d6 6. Nc3 Nbd7 7. e4 c5 8. d5 a6 9. a4 Nb6 10. Qd3 Nbd7 11. h3 Ne8 12. 0-0 Rb8 13. a5 b6 14. axb6 Qxb6 15. Ra3 Ne5 16. Nxe5 Bxe5 17. Na4 Qb7 18. Qc2 Bd7 19. Nc3 Nc7 20. Kh2 Bg7 21. f4 Qb4 22. Qe2 Bd4 23. Rf3 Na8 24. Rxa6 Rb7 25. Na2 Qxc4 26. Qxc4 Bb5 27. Qc2 Bxa6 28. b3 Rfb8 29. Bb2 Bxb2 30. Qxb2 Bc4 31. Nc1 Nc7 32. Qc3 Ba6 33. Qa5 Rb6 34. Bf1 Nb5 35. Bxb5 Bxb5 36. e5 Ra6 37. Qc7 Re8 38. Re3 Ra1 39. Re1 1-0